LIBRARY & INFORMATION CENTRE, KCAET, TAVANUR

ONLINE PUBLIC ACCESS CATALOGUE (OPAC)

Group dynamics : Research and theory / (Record no. 1814)

MARC details
000 -LEADER
fixed length control field 00466cam a2200181ua 4500
041 ## - LANGUAGE CODE
Language code of text/sound track or separate title eng
082 ## - DEWEY DECIMAL CLASSIFICATION NUMBER
Classification number 302.3
Item number CAR/GR
100 ## - MAIN ENTRY--AUTHOR NAME
Personal name Cartwright, Dorwin .
245 ## - TITLE STATEMENT
Title Group dynamics : Research and theory /
260 ## - PUBLICATION, DISTRIBUTION, ETC. (IMPRINT)
Place of publication :
Name of publisher Row, Peter sons and co. ,
Year of publication 1960.
300 ## - PHYSICAL DESCRIPTION
Number of Pages 825 ; .
700 1# - ADDED ENTRY--PERSONAL NAME
Personal name Zander, Alvin .
942 ## - ADDED ENTRY ELEMENTS (KOHA)
Koha item type Books
Holdings
Withdrawn status Lost status Damaged status Home library Current library Date acquired Full call number Accession Number Koha item type
Withdrawn     KAUAET Sanskrit University 07/04/2012 302.3 700 Books
free website counter